000 00501nam a2200181Ia 4500
005 20240614022815.0
008 240331s9999 xx 000 0 und d
082 _bJAY
_a346
100 _aJayasuriya, D.C,
245 0 _aJudgement reserved :
_bbreast feeding, bottle feeding and the International code
250 _a1 st
260 _aSri Lanka
_bAsian pathfinder publishers
_c1984
300 _a114 p .,
650 _a Women
650 _aBrest - milk substitutes
650 _aHealth
942 _cL
999 _c2853
_d2853